000
00213nam a22001097a 4500
999
_c
65312
_d
65309
082
_a
297.335HUS
100
_a
Hussain
245
_a
Islam Versus and Socialism
260
_a
Lahore
300
_a
170p
942
_c
BK